| 000 | 00525nam a2200145 a 4500 | ||
|---|---|---|---|
| 008 | 120416s1966 ||||||||||||||||| || u | ||
| 050 | _aHG 3881 Yea | ||
| 100 | _aYeager, Leland B | ||
| 245 | 1 | 0 | _aInternational monetary relations |
| 246 | _atheory, history and policy | ||
| 260 |
_aNew York _bHarper and Row _c1966 |
||
| 300 | _aviii, 504p. : ill. | ||
| 350 | _a0.00 | ||
| 995 |
_D0.00 _FCBU-MAIN LIBRARY (Kitwe) _H1 _I0.00 _M1 _UAVAILABLE _ZAnnex Low-Usage Collection |
||
| 999 |
_c47453 _d47453 |
||